New Era of China-EU Investment Protection

Príspevok sa zaoberá komplexnou investičnou dohodou medzi Čínou a Európskou úniou, o ktorej sa v súčasnosti rokuje, ako dôležitým krokom k formovaniu budúceho investičného režimu medzi Čínou a EÚ. Okrem toho bude mať nepochybne určitý vplyv na vznikajúci aktualizovaný investičný režim medzi Čínou a...

Full description

Saved in:
Bibliographic Details
Main Author: Brocková, Katarína, 1976-
Format: Book Chapter
Language:English
Subjects:
Tags: Add Tag
No Tags, Be the first to tag this record!

MARC

LEADER 00000naa$a2200000$$$4500
001 0280905
005 20260210144850.5
041 0 |a eng 
044 |a CN 
245 1 0 |a New Era of China-EU Investment Protection  |c Katarína Brocková 
520 |a Príspevok sa zaoberá komplexnou investičnou dohodou medzi Čínou a Európskou úniou, o ktorej sa v súčasnosti rokuje, ako dôležitým krokom k formovaniu budúceho investičného režimu medzi Čínou a EÚ. Okrem toho bude mať nepochybne určitý vplyv na vznikajúci aktualizovaný investičný režim medzi Čínou a EÚ aj súčasná kríza vo Svetovej obchodnej organizácii, keďže jednou z hlavných otázok, o ktorých diskutujú obchodní partneri, je objasnenie a aktualizácia pravidiel týkajúcich sa prístupu zahraničných firiem na čínsky trh, vrátane podmienok, ktoré sa naň vzťahujú. Na záver sa príspevok zaoberá najnovším vznikajúcim právnym predpisom EÚ týkajúcim sa mechanizmu screeningu priamych zahraničných investícií, ktorý má byť prijatý vo forme nariadenia. Mechanizmus screeningu má slúžiť na stanovenie harmonizovaného rámca, ktorý EÚ a členské štáty EÚ uplatnia v prípade ohrozenia národnej bezpečnosti alebo verejného poriadku. 
610 2 0 |a dohody obchodné medzinárodné 
610 2 0 |a zmluvy hospodárske 
610 2 0 |a investície priame zahraničné 
610 2 0 |a vzťahy hospodárske medzinárodné 
610 2 0 |a bezpečnosť národná 
610 2 0 |a Čína 
610 2 0 |a Európska únia 
100 1 |a Brocková, Katarína, 1976-